Madonna - The Power of Good-Bye - Lyrics - Statistics

General Stats
  • This quiz has been taken 13 times
  • The average score is 167 of 190
Answer Stats
Answer % Correct
a
100%
be
100%
been
100%
go
100%
good-bye
100%
has
100%
heart
100%
I
100%
is
100%
loved
100%
no
100%
not
100%
of
100%
open
100%
power
100%
say
100%
so
100%
The
100%
the
100%
to
100%
when
100%
you
100%
You
100%
Your
100%
your
100%
broken
83%
bruise
83%
comes
83%
Creation
83%
Freedom
83%
greater
83%
had
83%
learn
83%
Learn
83%
left
83%
let
83%
lose
83%
more
83%
must
83%
nothing
83%
place
83%
than
83%
that
83%
There's
83%
try
83%
was
83%
burn
67%
Do
67%
fortress
67%
hide
67%
higher?
67%
long
67%
my
67%
places
67%
spell
67%
were
67%
won't
67%
yearn
67%
it
50%
lesson
50%
God
33%
pray
33%
wanna
33%
Pain
17%
something's
17%
wrong
17%
warning
0%
No matching quizzes found
Score Distribution
Percent of People with Each Score
Percentile by Number Answered
Your Score History
You have not taken this quiz